MARC details
| 000 -CABECERA |
| campo de control de longitud fija |
01266nam a2200241 a 4500 |
| 001 - NÚMERO DE CONTROL |
| campo de control |
000045424 |
| 003 - IDENTIFICADOR DEL NÚMERO DE CONTROL |
| campo de control |
DO-SdBNP |
| 005 - FECHA Y HORA DE LA ÚLTIMA TRANSACCIÓN |
| campo de control |
20220207102619.0 |
| 008 - DATOS DE LONGITUD FIJA--INFORMACIÓN GENERAL |
| campo de control de longitud fija |
150309s 2014 dr 000 0 spa d |
| 020 ## - NÚMERO INTERNACIONAL ESTÁNDAR DEL LIBRO |
| Número Internacional Estándar del Libro |
9789945587050 |
| 040 ## - FUENTE DE LA CATALOGACIÓN |
| Centro catalogador/agencia de origen |
DO-SdBNP |
| Lengua de catalogación |
spa |
| Centro/agencia transcriptor |
BNPHU |
| 082 ## - NÚMERO DE LA CLASIFICACIÓN DECIMAL DEWEY |
| Número de clasificación |
xxxx |
| Número de documento/Ítem |
xxxx |
| 100 1# - ENTRADA PRINCIPAL--NOMBRE DE PERSONA |
| Nombre de persona |
Medrano, Néstor, |
| Fechas asociadas al nombre |
1970- |
| 9 (RLIN) |
10301 |
| 245 14 - MENCIÓN DE TÍTULO |
| Título |
Las huellas literarias de Juan Bosch : |
| Resto del título |
(radiografía literaria de un humanista) / |
| Mención de responsabilidad, etc. |
Néstor Medrano ; editora Irene Hernández. |
| 260 ## - PUBLICACIÓN, DISTRIBUCIÓN, ETC. |
| Lugar de publicación, distribución, etc. |
Santo Domingo : |
| Nombre del editor, distribuidor, etc. |
Fundación Juan Bosch, |
| Fecha de publicación, distribución, etc. |
2014. |
| 300 ## - DESCRIPCIÓN FÍSICA |
| Extensión |
117 P. ; |
| Dimensiones |
23 cm. |
| 490 1# - MENCIÓN DE SERIE |
| Mención de serie |
Bosch Vive |
| Designación de volumen o secuencia |
10 |
| 500 ## - NOTA GENERAL |
| Nota general |
Incluye datos biográficos del autor en la solapa de la cubierta. |
| 505 0# - NOTA DE CONTENIDO CON FORMATO |
| Nota de contenido con formato |
El rastro literario de Juan Bosch -- |
| Título |
Breves anotaciones del autor -- |
| -- |
Juan Bosch : dualidad indivisible -- |
| -- |
Balaguer : dos caminos distintos -- |
| -- |
Bosch enfrentó a Trujillo en lo ideológico y en la acción -- |
| -- |
¿Por qué Judas Iscariote? -- |
| -- |
Bosch : valor universal -- |
| -- |
La impronta de Bosch con La Mañosa -- |
| -- |
Radiografía de "Dos pesos de agua" -- |
| -- |
Bosch : poesía. : Neruda -- |
| -- |
El tránsito a la democracia post Trujillo todavía sigue con interrogantes y deudas. |
| 700 12 - PUNTO DE ACCESO ADICIONAL--NOMBRE DE PERSONA |
| Nombre de persona |
Hernández, Irene, |
| Término indicativo de función/relación |
ed. |
| 9 (RLIN) |
73475 |
| 830 #0 - PUNTO DE ACCESO ADICIONAL DE SERIE-TÍTULO UNIFORME |
| Título uniforme |
Bosch Vive ; |
| Número de parte o sección de la obra |
10 |
| 9 (RLIN) |
73476 |
| 942 ## - ELEMENTOS DE PUNTO DE ACCESO ADICIONAL (KOHA) |
| Fuente del sistema de clasificación o colocación |
Dewey Decimal Classification |
| Tipo de ítem Koha |
Libro |